| 000 | 01255nam a22001697a 4500 | ||
|---|---|---|---|
| 005 | 20250726090843.0 | ||
| 008 | 250726b |||||||| |||| 00| 0 eng d | ||
| 020 |
_a9780122274107 _qHardcover |
||
| 082 |
_a503 _bMEY.13 |
||
| 100 | _aEdited By Robert A. Meyers | ||
| 245 |
_aEncyclopedia Of Physical Science And Technology _cEdited by Robert A. Meyers |
||
| 250 | _a(3rd edition) | ||
| 260 |
_aSan Diego, California, Usa _bAcademic Press Inc _c2001 |
||
| 300 | _a884p | ||
| 520 | _aThis definitive reference set offers nearly 800 articles spanning 16 major subject areas in the physical sciences, including: ๐งช Chemistry, molecular biology, mathematics, engineering, and information processing ๐งฌ Expanded coverage of biotechnology, nanostructured materials, and smart technologies ๐ง Each article includes glossaries, illustrations, references, and thematic indexing ๐ Reflects the multidisciplinary and global nature of modern science and technology ๐ Contributions from Nobel Laureates, journal editors, and international experts Ideal for university libraries, research institutions, and professionals seeking comprehensive, authoritative insights into the evolving landscape of science and technology. | ||
| 942 | _cREF | ||
| 999 |
_c577470 _d577470 |
||